000 00482nam a2200181Ia 4500
008 230524s9999 xx 000 0 und d
020 _a8187567791
082 _a331
_bSEN
100 _aArun Kumar Sen
245 0 _aCommercial Law including Company Law
250 _a25TH
260 _aNEW DELHI
_bWorld Press
_c2008
300 _aIX;884
500 _aQuantity Number: 15
650 _aManagement
700 _a Jitendra Kumar Mitra (Edited by Sakti Mukherjee)
942 _cBK
999 _c42578
_d42578